|
|
|
|
| LEADER |
01133nam a22002772a 4500 |
| 001 |
001217746 |
| 003 |
CZ BrMZK |
| 005 |
20240403075311.0 |
| 007 |
ta |
| 008 |
120529s1964 xr a er|||||||||||cze d |
| 015 |
|
|
|a cnb000481665
|
| 035 |
|
|
|a (OCoLC)42099878
|
| 040 |
|
|
|a BOA001
|b cze
|
| 100 |
1 |
|
|a Horáková, Draha
|7 jk01042130
|4 aut
|4 ill
|
| 245 |
1 |
0 |
|a Pohybem ke kráse :
|b cvičení s praporci pro vyspělé cvičenky /
|c cvičení složily Draha Horáková, Květa Černá, Helena Livorová ; hudbu složil Mojmír Balling ; kresby Draha Horáková
|
| 260 |
|
|
|a Praha :
|b Sportovní a turistické nakladatelství,
|c 1964
|
| 300 |
|
|
|a 111 s. :
|b il.
|
| 490 |
1 |
|
|a 3. celostátní spartakiáda 1965. Sbírka cvičení ;
|v sv. 9
|
| 700 |
1 |
|
|a Černá, Květa
|7 jk01021387
|4 aut
|
| 700 |
1 |
|
|a Livorová, Helena,
|d 1911-
|7 jk01072306
|4 aut
|
| 700 |
1 |
|
|a Balling, Mojmír,
|d 1928-1999
|7 jn19981228026
|4 cmp
|
| 830 |
|
0 |
|a 3. celostátní spartakiáda 1965.
|p Sbírka cvičení
|
| 910 |
|
|
|a BOA001
|b 1-0530.572
|
| 990 |
|
|
|a BK
|
| 991 |
|
|
|b 201205
|
| 996 |
6 |
|
|b 2619469197
|c 1-0530.572
|l MZK
|r Sklad / do 1 hodiny
|n 0
|w 001251487
|u 000010
|a 1
|e BOA001
|j MZK50
|s P
|